Loading...
| Science - Other | 0 | 9 | 0 | 2 | 90 | 15 | 63.00 | 4 | 7 | 35.79 | 57.92 |
| Philosophy | 0 | 7 | 2 | 1 | 60 | 55 | 83.29 | 1 | 6 | 16.77 | 30.83 |
| History - Other | 0 | 6 | 0 | 3 | 60 | 67 | 102.33 | 0 | 2 | 9.79 | 17.92 |
| Science - Physics | 0 | 7 | 2 | 1 | 60 | 29 | 62.86 | 1 | 6 | 27.79 | 39.58 |
| Social Science | 0 | 5 | 0 | 1 | 50 | 29 | 69.80 | 2 | 5 | 15.95 | 26.67 |
| Fine Arts - Painting and Sculpture | 0 | 4 | 0 | 0 | 40 | 43 | 66.25 | 1 | 4 | 15.72 | 21.67 |
| Literature - American | 0 | 4 | 0 | 0 | 40 | 63 | 86.50 | 0 | 4 | 13.16 | 20.42 |
| Science - Chemistry | 0 | 5 | 2 | 1 | 40 | 58 | 78.80 | 1 | 4 | 11.95 | 22.08 |
| History - American | 0 | 3 | 0 | 0 | 30 | 60 | 77.00 | 0 | 2 | 9.67 | 12.92 |
| History - World | 0 | 3 | 0 | 0 | 30 | 90 | 98.33 | 0 | 3 | 6.94 | 18.33 |
| History - European | 0 | 3 | 1 | 2 | 25 | 71 | 102.33 | 0 | 0 | 3.35 | 8.33 |
| Literature - European | 0 | 2 | 0 | 0 | 20 | 123 | 124.50 | 0 | 0 | 2.38 | 5.00 |
| Fine Arts - Classical Music | 0 | 2 | 0 | 0 | 20 | 93 | 96.50 | 0 | 1 | 3.14 | 3.75 |
| Religion | 0 | 2 | 0 | 0 | 20 | 103 | 105.00 | 0 | 1 | 2.14 | 8.33 |
| Science - Biology | 0 | 2 | 1 | 0 | 15 | 49 | 62.00 | 0 | 2 | 7.30 | 13.33 |
| Popular Culture | 0 | 2 | 1 | 0 | 15 | 46 | 49.50 | 0 | 1 | 32.36 | 28.75 |
| Mythology | 0 | 1 | 0 | 0 | 10 | 28 | 28.00 | 1 | 1 | 6.42 | 8.33 |
| Literature - British | 0 | 1 | 0 | 1 | 10 | 143 | 143.00 | 0 | 0 | 0.00 | 2.08 |
| Current Events | 0 | 1 | 1 | 0 | 5 | 45 | 45.00 | 0 | 1 | 21.61 | 20.00 |
| Other Academic | 0 | 0 | 1 | 0 | -5 | 0.00 | 0 | 0 | 0.00 | 0.00 | |
| Literature - World | 0 | 0 | 1 | 0 | -5 | 0.00 | 0 | 0 | 0.00 | 0.00 | |
| Fine Arts - Other | 0 | 0 | 3 | 0 | -15 | 0.00 | 0 | 0 | 0.00 | 0.00 |